[Event "ch-CHN w 2014"]
[Site "Xinghua CHN"]
[Date "2014.03.19"]
[Round "8.4"]
[White "Zhang, Xiaowen"]
[Black "Wang, Jue"]
[Result "1/2-1/2"]
[WhiteTitle "WGM"]
[BlackTitle "WGM"]
[WhiteElo "2397"]
[BlackElo "2384"]
[WhiteFideId "8603219"]
[BlackFideId "8604070"]
[EventDate "2014.03.11"]

1. e4 c5 2. Nf3 d6 3. d4 cxd4 4. Nxd4 Nf6 5. Nc3 a6 6. Be2 e5 7. Nb3 Be7 8. O-O
O-O 9. Be3 Be6 10. Qd3 Nbd7 11. Nd5 Bxd5 12. exd5 Qc7 13. c4 Nc5 14. Nxc5 dxc5
15. Bf3 Bd6 16. g3 Nd7 17. Bg4 Rfe8 18. Qa3 Nf6 19. Bh3 e4 20. Rae1 h6 21. Re2
b5 22. b3 bxc4 23. bxc4 Reb8 24. Bd2 Be5 25. Bc3 Bd4 26. Bg2 Qe5 27. Bxd4 Qxd4
28. Qc1 Rb4 29. Rc2 Re8 30. Rd1 Qe5 31. Re2 Re7 32. Qc2 Kh8 33. f4 Qd6 34. Bxe4
Nxe4 35. Rxe4 Rb2 36. Qd3 Rxe4 37. Qxe4 Qd7 38. Rb1 f5 39. Qd3 Rxa2 40. d6 Kh7
41. Qd5 Re2 42. Rb8 Kg6 43. g4 Kh7 44. Rf8 Re6 45. gxf5 Qxd6 46. fxe6 Qxf8 47.
Qe4+ g6 48. e7 Qe8 49. Qe5 Kg8 50. Qe6+ Kg7 51. Qe5+ Kf7 1/2-1/2

[Event "ch-CHN w 2014"]
[Site "Xinghua CHN"]
[Date "2014.03.19"]
[Round "8.5"]
[White "Shen, Yang"]
[Black "Gu, Tianlu"]
[Result "1-0"]
[WhiteTitle "IM"]
[WhiteElo "2435"]
[BlackElo "2164"]
[WhiteFideId "8603162"]
[BlackFideId "8603995"]
[EventDate "2014.03.11"]

1. d4 d5 2. Nf3 Nf6 3. c4 c6 4. Nc3 g6 5. e3 Bg7 6. Be2 O-O 7. O-O dxc4 8. Bxc4
Bg4 9. h3 Bxf3 10. Qxf3 Nbd7 11. Rd1 e5 12. d5 e4 13. Nxe4 Nxe4 14. Qxe4 Nb6 15.
Bb3 cxd5 16. Qf3 Rc8 17. a4 Qe7 18. a5 Nc4 19. Rxd5 Qb4 20. Qd1 Nxb2 21. Bxb2
Bxb2 22. Rb1 Bf6 23. Rd7 Qc3 24. Rxb7 Rc7 25. a6 Kg7 26. Bd5 Rfc8 27. g3 Qa3 28.
Qe2 Qd6 29. Rd1 Qc5 30. Qf3 Rd8 31. Rxc7 Qxc7 32. Rb1 Qd6 33. Bc4 Rc8 34. Qe4
Qc5 35. Ba2 Qa5 36. Bxf7 Qxa6 37. Rb7 Kh8 38. Kg2 Rd8 39. Bc4 Qa1 40. Qe6 a5 41.
Ra7 a4 42. h4 Bg7 43. Qc6 Rf8 44. Qxa4 Qf6 45. Qa2 Qf3+ 46. Kg1 Be5 47. Bd5 Qd1+
48. Kg2 h5 49. Be4 Qg4 50. f4 Bf6 51. Ra6 Kg7 52. Bf3 Qc8 53. Ra7+ Kh8 54. Ra8
Qc5 55. Rxf8+ Qxf8 56. e4 Bd4 57. e5 Qc5 58. Be4 Kg7 59. Qe6 1-0

[Event "ch-CHN w 2014"]
[Site "Xinghua CHN"]
[Date "2014.03.19"]
[Round "8.6"]
[White "Zhai, Mo"]
[Black "Xiao, Yiyi"]
[Result "0-1"]
[WhiteTitle "WIM"]
[BlackTitle "WFM"]
[WhiteElo "2266"]
[BlackElo "2177"]
[WhiteFideId "8600201"]
[BlackFideId "8606161"]
[EventDate "2014.03.11"]

1. e4 c5 2. Nf3 e6 3. d4 cxd4 4. Nxd4 Nc6 5. Nc3 Qc7 6. Be2 a6 7. O-O Nf6 8. Kh1
Be7 9. f4 d6 10. Be3 O-O 11. Qe1 Nxd4 12. Bxd4 b5 13. a3 Bb7 14. Qg3 Rad8 15.
Rae1 Rfe8 16. Bd3 g6 17. f5 e5 18. Be3 Nh5 19. Qh3 Bf6 20. Qf3 Qe7 21. Nd1 d5
22. Nf2 Bg7 23. b4 Qh4 24. Kg1 Nf4 25. fxg6 hxg6 26. g3 Qh5 27. Qxh5 Nxh5 28.
Bb6 Rc8 29. Bc5 Nf6 30. exd5 Bxd5 31. a4 e4 32. Be2 Nd7 33. axb5 Nxc5 34. bxc5
Rxc5 35. bxa6 Rxc2 36. Bd3 Rd2 37. Bxe4 Bd4 38. Kh1 Bxf2 39. Bxd5 Rxe1 40. Rxe1
Rxd5 41. Re2 Bc5 42. Rb2 Rd1+ 43. Kg2 Ra1 44. Rb8+ Kg7 45. Rc8 Ra2+ 46. Kf3 Bb6
47. Ra8 f5 48. h3 0-1

[Event "ch-CHN w 2014"]
[Site "Xinghua CHN"]
[Date "2014.03.20"]
[Round "9.1"]
[White "Xiao, Yiyi"]
[Black "Guo, Qi"]
[Result "0-1"]
[WhiteTitle "WFM"]
[BlackTitle "WGM"]
[WhiteElo "2177"]
[BlackElo "2462"]
[WhiteFideId "8606161"]
[BlackFideId "8604002"]
[EventDate "2014.03.11"]

1. d4 Nf6 2. c4 e6 3. Nf3 d5 4. Nc3 Bb4 5. Bg5 h6 6. Bxf6 Qxf6 7. e3 O-O 8. Qb3
c5 9. a3 Bxc3+ 10. Qxc3 dxc4 11. Bxc4 Nc6 12. Rd1 cxd4 13. Nxd4 Bd7 14. O-O Rfc8
15. Ba2 Nxd4 16. Qxd4 Bb5 17. Qxf6 gxf6 18. Rfe1 Rc2 19. Rb1 Rd8 20. Bb3 Rcd2
21. h3 Bd3 22. Rbd1 Be2 23. Rb1 f5 24. Kh2 Kg7 25. Kg3 Kf6 26. Kh2 R8d6 27. Kg3
a5 28. Ba4 b5 29. Rxe2 Rxe2 30. Bxb5 Rc2 31. Ba4 Rc8 32. b4 Rb6 33. Kf3 Rc4 34.
g3 e5 35. Rb2 f4 36. Rb3 fxe3 37. fxe3 Kg6 38. e4 f5 39. Be8+ Kf6 40. exf5 Kxf5
41. g4+ Kf6 42. Re3 axb4 43. axb4 Rbxb4 44. Bd7 Rf4+ 45. Kg3 Rf1 46. Bf5 h5 47.
Bc8 hxg4 48. hxg4 e4 49. Ba6 Ra1 50. Be2 Ke5 51. Bf3 Rab1 52. Kf2 Kf4 53. Be2
R1b3 0-1

[Event "ch-CHN w 2014"]
[Site "Xinghua CHN"]
[Date "2014.03.20"]
[Round "9.2"]
[White "Gu, Tianlu"]
[Black "Zhai, Mo"]
[Result "1/2-1/2"]
[BlackTitle "WIM"]
[WhiteElo "2164"]
[BlackElo "2266"]
[WhiteFideId "8603995"]
[BlackFideId "8600201"]
[EventDate "2014.03.11"]

1. e4 c5 2. Nf3 d6 3. d4 cxd4 4. Nxd4 Nf6 5. Nc3 a6 6. a4 Nc6 7. Bc4 e6 8. Bb3
Be7 9. O-O O-O 10. Be3 Bd7 11. f3 Qc7 12. Qe2 Rfc8 13. Kh1 Na5 14. Qf2 Nc4 15.
Bxc4 Qxc4 16. a5 e5 17. Nb3 d5 18. exd5 Nxd5 19. Nd2 Qc6 20. Nxd5 Qxd5 21. c4
Qd3 22. Rfd1 Be6 23. c5 Rd8 24. Qe1 Qc2 25. Ne4 Bd5 26. Rd2 Qb3 27. Ra3 Qc4 28.
Rc3 Qa4 29. Nd6 Qc6 30. Qd1 Be6 31. Qc2 Rd7 32. f4 exf4 33. Bxf4 Rad8 34. Rf2
Qd5 35. Rd3 Qh5 36. Rdd2 Qg6 37. Qxg6 hxg6 38. h3 g5 39. Bg3 Bxd6 40. cxd6 1/2-1/2

[Event "ch-CHN w 2014"]
[Site "Xinghua CHN"]
[Date "2014.03.20"]
[Round "9.3"]
[White "Wang, Jue"]
[Black "Shen, Yang"]
[Result "1/2-1/2"]
[WhiteTitle "WGM"]
[BlackTitle "IM"]
[WhiteElo "2384"]
[BlackElo "2435"]
[WhiteFideId "8604070"]
[BlackFideId "8603162"]
[EventDate "2014.03.11"]

1. e4 e5 2. Nf3 Nc6 3. Bb5 Nf6 4. d3 Bc5 5. c3 O-O 6. O-O d6 7. h3 Ne7 8. Re1
Ng6 9. d4 Bb6 10. Bd3 Re8 11. Qc2 c6 12. Be3 d5 13. Nbd2 exd4 14. Bxd4 Bxd4 15.
Nxd4 Bd7 16. Rad1 Qc7 17. exd5 Nxd5 18. Ne4 Rad8 19. Bf1 Ndf4 20. c4 c5 21. Nb5
Bxb5 22. cxb5 Ne6 23. Bc4 Nd4 24. Qc3 Nf4 25. Kh1 Nfe6 26. a4 b6 27. a5 h6 28.
a6 Qf4 29. Qe3 Qb8 30. Qc1 Qf4 31. Qxf4 Nxf4 32. g3 Nf3 33. Nf6+ gxf6 34. Rxe8+
Rxe8 35. gxf4 Re1+ 36. Rxe1 Nxe1 37. Kh2 f5 38. Kg3 Kg7 39. f3 Kf6 40. Kf2 Nc2
41. Ke2 Kg6 42. Kd2 Nd4 43. Ke3 Ne6 44. Bxe6 fxe6 45. b3 Kf6 46. Kd3 Ke7 47. Kc3
Kd6 48. Kc4 Ke7 49. Kd3 Kf7 50. Ke3 Kf6 51. Kd3 Ke7 52. Kc3 Kd7 53. Kd3 Kd6 54.
Kc4 e5 55. Kd3 Ke6 56. Ke3 Kf6 57. fxe5+ Kxe5 58. f4+ Ke6 59. Ke2 Kd5 1/2-1/2

[Event "ch-CHN w 2014"]
[Site "Xinghua CHN"]
[Date "2014.03.20"]
[Round "9.4"]
[White "Tan, Zhongyi"]
[Black "Zhang, Xiaowen"]
[Result "1-0"]
[WhiteTitle "WGM"]
[BlackTitle "WGM"]
[WhiteElo "2499"]
[BlackElo "2397"]
[WhiteFideId "8603642"]
[BlackFideId "8603219"]
[EventDate "2014.03.11"]

1. d4 f5 2. c4 Nf6 3. g3 g6 4. Bg2 Bg7 5. Nf3 d6 6. O-O O-O 7. Nc3 Qe8 8. b3 Na6
9. Ba3 c6 10. Qc2 b5 11. cxb5 cxb5 12. b4 Bb7 13. Qb3+ e6 14. Bb2 Nc7 15. a4
bxa4 16. Rxa4 a6 17. Rc1 h6 18. Ra5 Ncd5 19. Nxd5 Bxd5 20. Qa3 Qb8 21. Nh4 g5
22. Bxd5 Nxd5 23. Nxf5 Rxf5 24. e4 Rxf2 25. Kxf2 Nxb4 26. Kg2 Qb7 27. d5 Bxb2
28. Qxb2 exd5 29. Rb1 Rb8 30. Qf6 Kh7 31. Rxd5 Qc6 32. Rxd6 Qc2+ 33. Kh3 g4+ 34.
Kxg4 Qe2+ 35. Kh3 Qh5+ 36. Qh4 Qxh4+ 37. Kxh4 a5 38. Rd7+ Kg6 39. Rd6+ Kg7 40.
Rc1 Rb7 41. Rc5 Ra7 42. Kh5 1-0

[Event "ch-CHN w 2014"]
[Site "Xinghua CHN"]
[Date "2014.03.20"]
[Round "9.5"]
[White "Wang, Doudou"]
[Black "Ju, Wenjun"]
[Result "0-1"]
[WhiteTitle "WIM"]
[BlackTitle "WGM"]
[WhiteElo "2217"]
[BlackElo "2520"]
[WhiteFideId "8603197"]
[BlackFideId "8603006"]
[EventDate "2014.03.11"]

1. d4 Nf6 2. c4 e6 3. Nc3 Bb4 4. Nf3 b6 5. Bg5 Bb7 6. Rc1 h6 7. Bf4 O-O 8. e3
Ne4 9. Bd3 Bxc3+ 10. bxc3 f5 11. O-O d6 12. Nd2 Nxd2 13. Qxd2 Nd7 14. Bg3 h5 15.
f3 h4 16. Be1 h3 17. e4 fxe4 18. fxe4 Rxf1+ 19. Kxf1 Qf6+ 20. Kg1 Qg6 21. Qe2 e5
22. Bg3 Nf6 23. Re1 Nh5 24. c5 bxc5 25. dxc5 Rf8 26. cxd6 cxd6 27. Rf1 Rxf1+ 28.
Qxf1 Bxe4 29. Bxe4 Qxe4 30. gxh3 Qe3+ 31. Kg2 Qxc3 32. Qf5 Qd2+ 33. Kg1 Qd1+ 34.
Kg2 Qd5+ 35. Kg1 Nf6 36. h4 Qxa2 37. h5 Qa1+ 38. Kg2 Qb2+ 39. Kh3 Qb7 40. Qe6+
Qf7 41. Qc8+ Qe8 42. Qc4+ Kh8 43. h6 Qh5+ 44. Kg2 Qxh6 45. Qc8+ Kh7 46. Qf5+ Qg6
47. Qh3+ Nh5 48. Qh4 a5 49. Kf2 Qf6+ 0-1

[Event "ch-CHN w 2014"]
[Site "Xinghua CHN"]
[Date "2014.03.20"]
[Round "9.6"]
[White "Lei, Tingjie"]
[Black "Ding, Yixin"]
[Result "1/2-1/2"]
[BlackTitle "WGM"]
[WhiteElo "2374"]
[BlackElo "2429"]
[WhiteFideId "8605114"]
[BlackFideId "8602972"]
[EventDate "2014.03.11"]

1. d4 Nf6 2. c4 g6 3. Nc3 d5 4. Nf3 Bg7 5. Bf4 O-O 6. Rc1 c5 7. dxc5 dxc4 8. Qa4
Na6 9. Qxc4 Qa5 10. e3 Qxc5 11. Be2 Be6 12. Qxc5 Nxc5 13. Nd4 Bg4 14. f3 Bd7 15.
Be5 Ne6 16. O-O Nxd4 17. Bxd4 Be6 18. Rfd1 a6 19. g4 h6 20. Kf2 Rac8 21. h4 Nd7
22. f4 Bxd4 23. Rxd4 Nf6 24. Rg1 Kh8 25. e4 Rfd8 26. Rxd8+ Rxd8 27. g5 hxg5 28.
hxg5 Ne8 29. Ke3 Kg7 30. Rd1 Nd6 31. Bd3 f6 32. gxf6+ exf6 33. b3 Nf7 34. Ne2
Nh6 35. Bc2 Rxd1 36. Bxd1 Bg4 37. Bc2 Kf7 38. Nc3 Ke6 39. Na4 Kd6 40. Kd4 Nf7
41. Nc5 Bc8 42. b4 g5 43. Bb3 Nh6 44. Ke3 Ng4+ 45. Kf3 Nh2+ 46. Kg2 Ng4 47. e5+
fxe5 48. fxg5 Ne3+ 49. Kf3 Nf5 50. Ne4+ Ke7 51. Bd5 Nd4+ 52. Kf2 b6 53. g6 Be6
54. Bxe6 Nxe6 55. Nc3 Nf4 56. Kf3 Nxg6 57. Nd5+ Kd6 58. Nxb6 Kc6 59. Na4 Kb5 60.
Nc5 Kxb4 1/2-1/2

[Event "ch-CHN w 2014"]
[Site "Xinghua CHN"]
[Date "2014.03.21"]
[Round "10.1"]
[White "Guo, Qi"]
[Black "Ding, Yixin"]
[Result "1/2-1/2"]
[WhiteTitle "WGM"]
[BlackTitle "WGM"]
[WhiteElo "2462"]
[BlackElo "2429"]
[WhiteFideId "8604002"]
[BlackFideId "8602972"]
[EventDate "2014.03.11"]

1. d4 d5 2. Nf3 Nf6 3. c4 dxc4 4. e3 e6 5. Bxc4 c5 6. O-O a6 7. dxc5 Qxd1 8.
Rxd1 Bxc5 9. b3 O-O 10. Bb2 Nbd7 11. Be2 b5 12. a4 bxa4 13. Rxa4 Bb7 14. Nbd2
Nb6 15. Raa1 Rfd8 16. Rdc1 Bb4 17. Nc4 Nxc4 18. Bxc4 a5 19. Nd4 Ne4 20. h3 Rac8
21. Nf3 Nd6 22. Ba3 Nxc4 23. bxc4 Bxa3 24. Rxa3 Bxf3 25. gxf3 Rc5 26. f4 Kf8 27.
Rca1 Rxc4 28. Rxa5 Rc2 29. Ra8 Rxa8 30. Rxa8+ Ke7 1/2-1/2

[Event "ch-CHN w 2014"]
[Site "Xinghua CHN"]
[Date "2014.03.21"]
[Round "10.2"]
[White "Ju, Wenjun"]
[Black "Lei, Tingjie"]
[Result "1-0"]
[WhiteTitle "WGM"]
[WhiteElo "2520"]
[BlackElo "2374"]
[WhiteFideId "8603006"]
[BlackFideId "8605114"]
[EventDate "2014.03.11"]

1. e4 c5 2. Nf3 Nc6 3. d4 cxd4 4. Nxd4 e6 5. Nc3 Qc7 6. Be3 a6 7. Bd3 b5 8. Nxc6
Qxc6 9. a3 Bb7 10. O-O Nf6 11. Re1 Be7 12. Qf3 O-O 13. Qg3 d6 14. f4 Nd7 15. Bd4
Bf6 16. e5 Bh4 17. Qh3 h6 18. Re3 dxe5 19. fxe5 Nc5 20. Ne4 Nxd3 21. cxd3 Rfd8
22. Qxh4 Rxd4 23. Qf2 Rad8 24. Rf1 Rxd3 25. Rxd3 Rxd3 26. Nc5 Rd8 27. Qxf7+ Kh7
28. Nxb7 Rd7 29. Na5 Qb6+ 30. Qf2 Qxa5 31. Qc2+ g6 32. Qc6 Qc7 33. Qxe6 Re7 34.
Qd5 Kg7 35. Re1 Qb6+ 36. Kh1 Qf2 37. Qe4 Qxb2 38. Qe3 Qc2 39. h3 Qf5 40. e6 h5
41. Qb6 Kh6 42. Qxa6 Qf2 43. Qa5 h4 44. Qb4 g5 45. Qc3 Kg6 46. Qd3+ Qf5 47. Qd6
Kf6 48. Kg1 Rxe6 49. Qf8+ Kg6 50. Qg8+ Kf6 51. Rf1 1-0

[Event "ch-CHN w 2014"]
[Site "Xinghua CHN"]
[Date "2014.03.21"]
[Round "10.3"]
[White "Zhang, Xiaowen"]
[Black "Wang, Doudou"]
[Result "1-0"]
[WhiteTitle "WGM"]
[BlackTitle "WIM"]
[WhiteElo "2397"]
[BlackElo "2217"]
[WhiteFideId "8603219"]
[BlackFideId "8603197"]
[EventDate "2014.03.11"]

1. e4 e5 2. Nf3 Nc6 3. Bb5 f5 4. d3 fxe4 5. dxe4 Nf6 6. O-O Bc5 7. Bxc6 bxc6 8.
Nxe5 O-O 9. Nc3 d6 10. Nd3 Bd4 11. Qe1 Qe8 12. Be3 Bxc3 13. Qxc3 Qxe4 14. Rae1
Bd7 15. Bd4 Qf5 16. Re7 Rf7 17. Rxf7 Kxf7 18. Bxf6 gxf6 19. Qb3+ Qd5 20. Qb7 Rg8
21. Nf4 Qa5 22. Qb3+ Kf8 23. Ne6+ Ke7 24. Nc5 Rg5 25. Nxd7 Kxd7 26. Qf7+ Kc8 27.
Qxf6 Qd5 28. g3 h5 29. Re1 Rf5 30. Qe6+ Kb7 31. Qxd5 Rxd5 32. Re2 a5 33. Kg2 a4
34. f3 c5 35. g4 c4 36. h4 a3 37. bxa3 hxg4 38. fxg4 Ra5 39. h5 Rg5 40. Kg3 d5
41. h6 Rg8 42. h7 Rh8 43. Rh2 d4 44. g5 1-0

[Event "ch-CHN w 2014"]
[Site "Xinghua CHN"]
[Date "2014.03.21"]
[Round "10.4"]
[White "Shen, Yang"]
[Black "Tan, Zhongyi"]
[Result "1-0"]
[WhiteTitle "IM"]
[BlackTitle "WGM"]
[WhiteElo "2435"]
[BlackElo "2499"]
[WhiteFideId "8603162"]
[BlackFideId "8603642"]
[EventDate "2014.03.11"]

1. d4 d5 2. Nf3 Nf6 3. c4 e6 4. Nc3 Bb4 5. e3 O-O 6. Bd3 b6 7. cxd5 exd5 8. O-O
Ba6 9. Ne5 c5 10. dxc5 bxc5 11. Bxa6 Nxa6 12. Nc6 Qc7 13. Nxd5 Nxd5 14. Qxd5
Rac8 15. Nxb4 cxb4 16. e4 Qc2 17. Be3 Qxb2 18. Rac1 Rc3 19. Rb1 Qa3 20. Bd4 Nc7
21. Qe5 f6 22. Qd6 Rc2 23. e5 Qxa2 24. exf6 Ne8 25. Qxb4 Nxf6 26. Ra1 Qc4 27.
Qxc4+ Rxc4 28. Bxa7 Ra8 29. h3 Nd5 30. Rfb1 h6 31. Kh2 Kh7 32. Ra5 Rc7 33. Rba1
Rd7 34. Bd4 Rxa5 35. Rxa5 Nb4 36. Bc3 Nd5 37. Be5 Nb4 38. Ra4 Nd3 39. Bd4 g5 40.
h4 Rf7 41. f3 Nf4 42. Be3 Nd5 43. Bd2 Kg6 44. Ra5 Rf5 45. h5+ Kf7 46. g4 Re5 47.
Kg3 Kf6 48. Kf2 Ke6 49. Ra6+ Kf7 50. Rxh6 Nf6 51. Rxf6+ 1-0

[Event "ch-CHN w 2014"]
[Site "Xinghua CHN"]
[Date "2014.03.21"]
[Round "10.5"]
[White "Zhai, Mo"]
[Black "Wang, Jue"]
[Result "1/2-1/2"]
[WhiteTitle "WIM"]
[BlackTitle "WGM"]
[WhiteElo "2266"]
[BlackElo "2384"]
[WhiteFideId "8600201"]
[BlackFideId "8604070"]
[EventDate "2014.03.11"]

1. e4 c5 2. Nf3 d6 3. d4 cxd4 4. Nxd4 Nf6 5. Nc3 a6 6. Be3 e5 7. Nf3 Be7 8. Bc4
O-O 9. O-O Nc6 10. Bg5 Be6 11. Bb3 Nd7 12. Bxe7 Qxe7 13. Nd5 Qd8 14. c3 Nc5 15.
Bc2 Rc8 16. Qd2 Ne7 17. Ne3 Rc6 18. Rfd1 Qb8 19. Ng5 b5 20. Nd5 Ng6 21. h4 Qd8
22. h5 Nf4 23. Nxf4 Qxg5 24. Nxe6 Qxd2 25. Rxd2 fxe6 26. Rad1 Rd8 27. g3 Kf7 28.
f4 Kf6 29. Rf2 Rc7 30. Kg2 Ke7 31. h6 g6 32. f5 gxf5 33. exf5 Rf8 34. g4 d5 35.
g5 e4 36. g6 Rf6 37. g7 Rc8 38. fxe6 Rg6+ 39. Kf1 Rxh6 40. Rxd5 Nxe6 41. Re5 Rg8
42. Rg2 Rf6+ 43. Kg1 Kd6 44. Rxe4 h6 45. Kh2 Ng5 46. Rd4+ Kc7 47. Bd1 Rxg7 48.
a4 Re7 49. axb5 axb5 50. Bg4 Kc6 51. Rd1 Rf4 52. Kg3 Rfe4 53. Bf3 Nxf3 54. Kxf3
Re3+ 55. Kf4 R3e4+ 56. Kf3 1/2-1/2

[Event "ch-CHN w 2014"]
[Site "Xinghua CHN"]
[Date "2014.03.21"]
[Round "10.6"]
[White "Xiao, Yiyi"]
[Black "Gu, Tianlu"]
[Result "1/2-1/2"]
[WhiteTitle "WFM"]
[WhiteElo "2177"]
[BlackElo "2164"]
[WhiteFideId "8606161"]
[BlackFideId "8603995"]
[EventDate "2014.03.11"]

1. d4 d5 2. c4 c6 3. Nc3 Nf6 4. e3 g6 5. Nf3 Bg7 6. Be2 O-O 7. O-O a6 8. a4 a5
9. Qb3 Na6 10. cxd5 cxd5 11. Bd2 Nb4 12. Rac1 h6 13. Ne5 Be6 14. Nb5 Na6 15. f3
Ne8 16. Nd3 b6 17. Nf4 Qd7 18. Na3 Nd6 19. Qxb6 Rfb8 20. Qxa5 Nb4 21. Qc7 Na2
22. Qxd7 Bxd7 23. Rc7 Rxb2 24. Rxd7 Rxd2 25. Bb5 Nxb5 26. Nxb5 Rxa4 27. Rf2 Rd1+
28. Rf1 Rd2 29. Rf2 Rd1+ 30. Rf1 Rd2 1/2-1/2

[Event "ch-CHN w 2014"]
[Site "Xinghua CHN"]
[Date "2014.03.22"]
[Round "11.1"]
[White "Gu, Tianlu"]
[Black "Guo, Qi"]
[Result "0-1"]
[BlackTitle "WGM"]
[WhiteElo "2164"]
[BlackElo "2462"]
[WhiteFideId "8603995"]
[BlackFideId "8604002"]
[EventDate "2014.03.11"]

1. d4 Nf6 2. c4 e6 3. Nc3 Bb4 4. e3 O-O 5. Ne2 d5 6. a3 Be7 7. Nf4 c6 8. cxd5
exd5 9. Bd3 Na6 10. O-O Nc7 11. Qc2 Ne6 12. b4 Bd6 13. Nxe6 Bxe6 14. h3 a6 15.
Bd2 h6 16. Rfd1 Rc8 17. Ne2 Bb8 18. a4 Re8 19. f3 Qd6 20. f4 Ne4 21. Bxe4 dxe4
22. Qc5 Qd7 23. Rab1 f5 24. Qc2 Kh7 25. Kh2 Qf7 26. Rdc1 Bd6 27. a5 g5 28. g3
Rg8 29. Rg1 Bc4 30. Rbe1 h5 31. fxg5 Bxe2 32. Rxe2 h4 33. Be1 Rxg5 34. Reg2 Rcg8
35. Rf1 Qg6 36. Rf4 hxg3+ 37. Kg1 Bxf4 38. exf4 Rh5 39. Rxg3 Qf7 40. Kh2 Rxg3
41. Bxg3 Qd5 0-1

[Event "ch-CHN w 2014"]
[Site "Xinghua CHN"]
[Date "2014.03.22"]
[Round "11.2"]
[White "Wang, Jue"]
[Black "Xiao, Yiyi"]
[Result "1-0"]
[WhiteTitle "WGM"]
[BlackTitle "WFM"]
[WhiteElo "2384"]
[BlackElo "2177"]
[WhiteFideId "8604070"]
[BlackFideId "8606161"]
[EventDate "2014.03.11"]

1. e4 e5 2. Nf3 Nf6 3. Nxe5 d6 4. Nf3 Nxe4 5. Nc3 Nxc3 6. dxc3 Be7 7. Bf4 Nd7 8.
Qd2 Nc5 9. O-O-O O-O 10. h4 Bg4 11. Kb1 Qd7 12. Re1 Rfe8 13. Ng5 h6 14. f3 hxg5
15. hxg5 Bf5 16. g4 Bg6 17. Bc4 d5 18. Bxd5 Bd6 19. Be3 Bg3 20. Rh3 Rxe3 21.
Reh1 Re1+ 22. Qxe1 1-0

[Event "ch-CHN w 2014"]
[Site "Xinghua CHN"]
[Date "2014.03.22"]
[Round "11.3"]
[White "Tan, Zhongyi"]
[Black "Zhai, Mo"]
[Result "1/2-1/2"]
[WhiteTitle "WGM"]
[BlackTitle "WIM"]
[WhiteElo "2499"]
[BlackElo "2266"]
[WhiteFideId "8603642"]
[BlackFideId "8600201"]
[EventDate "2014.03.11"]

1. c4 Nf6 2. Nf3 e6 3. Nc3 d5 4. d4 Bb4 5. cxd5 exd5 6. Bg5 h6 7. Bh4 Nbd7 8. e3
g5 9. Bg3 Ne4 10. Qc2 Nb6 11. Bd3 Nxg3 12. hxg3 Be6 13. Bf5 Qf6 14. Bxe6 fxe6
15. O-O c6 16. Ne5 Bxc3 17. Qxc3 h5 18. f4 g4 19. Qc2 Qf5 20. e4 dxe4 21. Rfe1
O-O-O 22. a4 Nd5 23. a5 a6 24. Nxc6 bxc6 25. Qxc6+ Kb8 26. Ra3 Ka7 27. Rb3 Rb8
28. Qd7+ Ka8 29. Qc6+ Ka7 30. Qd7+ Ka8 1/2-1/2

[Event "ch-CHN w 2014"]
[Site "Xinghua CHN"]
[Date "2014.03.22"]
[Round "11.4"]
[White "Wang, Doudou"]
[Black "Shen, Yang"]
[Result "1/2-1/2"]
[WhiteTitle "WIM"]
[BlackTitle "IM"]
[WhiteElo "2217"]
[BlackElo "2435"]
[WhiteFideId "8603197"]
[BlackFideId "8603162"]
[EventDate "2014.03.11"]

1. d4 d5 2. c4 c6 3. Nc3 Nf6 4. cxd5 cxd5 5. Bf4 Nc6 6. e3 a6 7. Nf3 Bf5 8. Rc1
Rc8 9. Bd3 Bxd3 10. Qxd3 e6 11. O-O Be7 12. Na4 Nd7 13. a3 b5 14. Nc3 Na5 15. a4
b4 16. Ne2 Rc4 17. Nd2 Rxc1 18. Rxc1 Qa8 19. Qc2 Nb6 20. Qc7 Nbc4 21. Nxc4 Nxc4
22. b3 Bd8 23. Qb8 Qxb8 24. Bxb8 Na5 25. Bd6 Nxb3 26. Rb1 Na5 27. Bxb4 Nc4 28.
Bc5 Kd7 29. Rb8 Re8 30. Ra8 Bc7 31. Rxa6 Rb8 32. g3 Rb1+ 33. Kg2 Bb8 34. Ba7 Kc8
35. Bxb8 Kxb8 36. Rc6 Rb2 37. Kf1 Nd2+ 38. Kg2 Nc4 39. Kf1 Kb7 40. Rc5 Nd2+ 41.
Kg2 Ne4 42. Rb5+ Rxb5 43. axb5 Kb6 44. h4 Kxb5 1/2-1/2

[Event "ch-CHN w 2014"]
[Site "Xinghua CHN"]
[Date "2014.03.22"]
[Round "11.5"]
[White "Lei, Tingjie"]
[Black "Zhang, Xiaowen"]
[Result "0-1"]
[BlackTitle "WGM"]
[WhiteElo "2374"]
[BlackElo "2397"]
[WhiteFideId "8605114"]
[BlackFideId "8603219"]
[EventDate "2014.03.11"]

1. d4 Nf6 2. Nf3 g6 3. Nbd2 Bg7 4. e4 d6 5. Bd3 O-O 6. O-O Nc6 7. c3 e5 8. h3
Nh5 9. Nb3 h6 10. Re1 Qf6 11. Bb5 Nd8 12. Be3 Ne6 13. g3 c5 14. d5 Nc7 15. Bf1
b6 16. a4 Bd7 17. Nh2 Qd8 18. Nd2 Be8 19. Be2 Nf6 20. f4 exf4 21. gxf4 Bd7 22.
Bf1 Nh5 23. Bg2 Qh4 24. Ndf3 Qd8 25. Nf1 Re8 26. e5 Bf5 27. Qd2 Qd7 28. Kh2 dxe5
29. Nxe5 Rxe5 30. fxe5 Bxe5+ 31. Kg1 Bxh3 32. d6 Bxg2 33. dxc7 Bd5 34. Qe2 Qh3
35. Red1 Qh1+ 36. Kf2 Bxc7 37. Bxh6 Qh4+ 38. Kg1 Bc6 39. Rd3 Nf6 40. Bd2 Re8 41.
Re3 Rxe3 42. Bxe3 Ng4 0-1

[Event "ch-CHN w 2014"]
[Site "Xinghua CHN"]
[Date "2014.03.22"]
[Round "11.6"]
[White "Ding, Yixin"]
[Black "Ju, Wenjun"]
[Result "1-0"]
[WhiteTitle "WGM"]
[BlackTitle "WGM"]
[WhiteElo "2429"]
[BlackElo "2520"]
[WhiteFideId "8602972"]
[BlackFideId "8603006"]
[EventDate "2014.03.11"]

1. e4 e5 2. Nf3 Nc6 3. Nc3 Nf6 4. Be2 d5 5. exd5 Nxd5 6. O-O Nxc3 7. bxc3 Bd6 8.
d4 O-O 9. Rb1 h6 10. Bd3 Re8 11. Re1 Bg4 12. d5 Na5 13. h3 Bd7 14. c4 c5 15. Bb2
e4 16. Rxe4 Rxe4 17. Bxe4 Nxc4 18. Bc3 b5 19. Qd3 a6 20. Re1 Qf8 21. Bh7+ Kh8
22. Bf5 Bxf5 23. Qxf5 Re8 24. Rxe8 Qxe8 25. Qg4 Ne5 26. Nxe5 Bxe5 27. Bxe5 Qxe5
28. Qc8+ Kh7 29. Qxc5 g5 30. c4 Qe1+ 31. Kh2 bxc4 32. Qxc4 Qxf2 33. d6 Qf5 34.
Qd4 Qd7 35. Qf6 Kg8 36. Kh1 Qc6 37. Qd8+ Kg7 38. Qc7 Qe4 39. d7 1-0